000 00490nam a2200193Ia 4500
003 OSt
005 20220918105416.0
006 a|||||r|||| 00| 0
007 ta
008 220915b |||||||| |||| 00| 0 eng d
024 _a92,402
037 _cReference Collections
040 _aARTS
_cARTS
_beng
041 _2eng
_aeng
082 _aM31, L4(RR)
245 0 _aFoundation of food preparation
942 _hM31, L4(RR)
_cREF
999 _c106871
_d106871